Laddar...
For a new labour internationalism : a set of reprints & working papers.
| Huvudupphovsman: | |
|---|---|
| Materialtyp: | Printed Book |
| Publicerad: |
Birmingham :
Third World Publications,
1984.
|
| Ämnen: |
| LEADER | 00470nam a22001217a 4500 | ||
|---|---|---|---|
| 082 | |a 331.8 |b WAT/F | ||
| 100 | |a Waterman,Peter. | ||
| 245 | |a For a new labour internationalism : a set of reprints & working papers. | ||
| 260 | |a Birmingham : |b Third World Publications, |c 1984. | ||
| 650 | |a Labour |v Working papers | ||
| 942 | |c BK | ||
| 999 | |c 100380 |d 100380 | ||
| 952 | |0 0 |1 0 |4 0 |6 331_800000000000000_WAT_F |7 0 |9 93723 |a SSS |b SSS |c CAS |d 2012-04-18 |l 0 |o 331.8 WAT/F |p SSSMK0493 |r 2012-04-18 |w 2012-04-18 |y BK | ||